Central Library OPAC University of Rajshahi
Normal view MARC view

Entry Topical Term

Number of records used in: 3

001 - CONTROL NUMBER

  • control field: 8388

003 - CONTROL NUMBER IDENTIFIER

  • control field: BD-RjUL

005 - DATE AND TIME OF LATEST TRANSACTION

  • control field: 20230817105028.0

008 - FIXED-LENGTH DATA ELEMENTS

  • fixed length control field: 230817|| aca||aabn | a|a d

040 ## - CATALOGING SOURCE

  • Original cataloging agency: BD-RjUL
  • Transcribing agency: BD-RjUL

150 ## - HEADING--TOPICAL TERM

  • Topical term or geographic name entry element: Poets, Urdu
  • General subdivision: Biography
  • Chronological subdivision: 19th century

670 ## - SOURCE DATA FOUND

  • Source citation: Work cat.: (BD-RjUL)81706: کاکوروى٫ ذکى ،Kakurwa, Z̲akī, 1938 8385, :جلىل مانکپورى : ;; Jalīl Mānakpūrī